NLSUI OPAC header image

Customs Law & Practice with Foreign Trade Policy : (Record no. 212830)

MARC details
000 -LEADER
fixed length control field 01354nam a22001937a 4500
005 - DATE AND TIME OF LATEST TRANSACTION
control field 20241009124116.0
008 - FIXED-LENGTH DATA ELEMENTS--GENERAL INFORMATION
fixed length control field 241009b |||||||| |||| 00| 0 eng d
020 ## - INTERNATIONAL STANDARD BOOK NUMBER
International Standard Book Number 9789364554978 (Hardback)
082 ## - DEWEY DECIMAL CLASSIFICATION NUMBER
Classification number 343.0558
100 ## - MAIN ENTRY--PERSONAL NAME
Personal name Datey, V.S.
245 ## - TITLE STATEMENT
Title Customs Law & Practice with Foreign Trade Policy :
Remainder of title as amended by finnce (No. 2) act 2024 /
Statement of responsibility, etc. V .S. Datey
250 ## - EDITION STATEMENT
Edition statement 26th
260 ## - PUBLICATION, DISTRIBUTION, ETC.
Place of publication, distribution, etc. New Delhi
Name of publisher, distributor, etc. Taxmann Publications
Date of publication, distribution, etc. 2024
300 ## - PHYSICAL DESCRIPTION
Extent 899 pages
Dimensions 24 cm.
365 ## - TRADE PRICE
Price amount Rs. 3495.00
520 ## - SUMMARY, ETC.
Summary, etc. This comprehensive handbook provides a detailed, topic-wise analysis of Customs Law and Foreign Trade Policy in India, covering crucial aspects like customs duties, valuation, procedures, exemptions, penalties, and sector-specific provisions such as SEZs and EOUs. The key features include a step-by-step approach to customs law, extensive coverage of import/export procedures, practical insights with case law analysis, and dedicated sections on Foreign Trade Policy 2023. The book interlinks Customs, Foreign Trade, and GST Laws, providing a cohesive understanding of trade regulations. It is enhanced with practical tools like detailed chapter heads, indexes, and a glossary.
856 ## - ELECTRONIC LOCATION AND ACCESS
Uniform Resource Identifier <a href="https://cdn.taxmann.com/BookshopFiles/bookfiles/1726051224341_9789364554978_content.pdf">https://cdn.taxmann.com/BookshopFiles/bookfiles/1726051224341_9789364554978_content.pdf</a>
Public note Click here to view Table of Contents
942 ## - ADDED ENTRY ELEMENTS (KOHA)
Source of classification or shelving scheme Dewey Decimal Classification
Koha item type BOOKs
Holdings
Withdrawn status Lost status Source of classification or shelving scheme Materials specified (bound volume or other part) Damaged status Not for loan Home library Current library Shelving location Date acquired Source of acquisition Cost, normal purchase price Total Checkouts Full call number Barcode Date last seen Date last checked out Price effective from Koha item type Public note
    Dewey Decimal Classification HB     NLS NLS General Stacks 09/10/2024 Purchased - Taxmann Publications 3495.00 2 343.0558 DAT 39838 10/02/2026 26/01/2026 09/10/2024 BOOKs Recommended by Ms. Sanyukta Chowdhury